00512 a2200169 4500010001400000020002300014035001300037037001500050082000800065100001900073245005600092260004800148260003300196270006300229300002900292500002100321 aENG-90157 c335.00a8173715645 aEN-73690 bDBAD / VEN14a5321 aNarasimhan, S.1 aA first course in fluid mechanics/cby S.Narasimhan aHyderabadbUniversities Press (India)c2006 bOrient Longman (Distributor) bHyderabade500 029a3-6-747/1/A & 3-6-754/1, Himayatnagar, axiv, 438p.c24cm (pbk ) aIncludes index